Countries That Won The Most Gold Medals Every Year - Statistics

General Stats
  • This quiz has been taken 131 times
  • The average score is 47 of 51
Answer Stats
Host Season Year Gold Medals Answer % Correct
China Summer 2008 48 China
99%
France Summer 1900 26 France
99%
Greece Summer 1906 15 France
99%
Greece Summer 1896 11 United States
99%
United States Summer 1904 78 United States
99%
Belgium Summer 1920 41 United States
99%
France Summer 1924 45 United States
99%
Netherlands Summer 1928 22 United States
99%
United States Winter 1932 6 United States
99%
United States Summer 1932 41 United States
99%
Great Britain Summer 1948 38 United States
99%
Finland Summer 1952 40 United States
99%
Japan Summer 1964 36 United States
99%
Mexico Summer 1968 45 United States
99%
United States Summer 1996 44 United States
99%
Australia Summer 2000 37 United States
99%
Great Britain Summer 2012 46 United States
99%
Brazil Summer 2016 46 United States
99%
Great Britain Summer 1908 56 Great Britain
98%
Sweden Summer 1912 25 Great Britain
98%
Germany Summer 1936 33 Germany
97%
France Winter 1992 10 Germany
97%
Japan Winter 1998 12 Germany
97%
Italy Winter 2006 11 Germany
97%
Norway Winter 1994 11 Russia
97%
Russia Winter 2014 13 Russia
97%
Switzerland Winter 1948 4 Norway and Sweden
95%
United States Summer 1984 83 United States
94%
Greece Summer 2004 36 United States
94%
Switzerland Winter 1928 6 Norway and Finland
92%
Italy Winter 1956 7 Soviet Union
91%
Australia Summer 1956 37 Soviet Union
91%
United States Winter 1960 7 Soviet Union
91%
Italy Summer 1960 43 Soviet Union
91%
Austria Winter 1964 11 Soviet Union
91%
Japan Winter 1972 8 Soviet Union
91%
West Germany Summer 1972 50 Soviet Union
91%
Austria Winter 1976 13 Soviet Union
91%
Canada Summer 1976 49 Soviet Union
91%
United States Winter 1980 10 Soviet Union
91%
Soviet Union Summer 1980 80 Soviet Union
91%
Canada Winter 1988 11 Soviet Union
91%
South Korea Summer 1988 55 Soviet Union
91%
Canada Winter 2010 14 Canada
90%
France Winter 1924 4 Norway
88%
Germany Winter 1936 7 Norway
88%
Norway Winter 1952 7 Norway
88%
France Winter 1968 6 Norway
88%
United States Winter 2002 13 Norway
88%
Yugoslavia Winter 1984 9 East Germany
60%
Spain Summer 1992 45 Unified Team
26%
No matching quizzes found
Score Distribution
Percent of People with Each Score
Percentile by Number Answered
Your Score History
You have not taken this quiz